|
|
|
|
| LEADER |
00819nam a22002291i 4500 |
| 001 |
c000001062 |
| 003 |
CARM |
| 005 |
00000000000000.0 |
| 008 |
790322s1959 at 00000 eng d |
| 019 |
1 |
|
|a 21835711
|z 2549688
|5 LACONCORD2021
|
| 035 |
|
|
|a (OCoLC)772163
|5 LACONCORD2021
|
| 042 |
|
|
|a anuc
|
| 100 |
2 |
|
|a Von Fange, Eugene K.
|
| 245 |
1 |
0 |
|a Professional creativity /
|c [by] Eugene K. Von Fange.
|
| 260 |
|
|
|a Englewood Cliffs, N.J. :
|b Prentice-Hall,
|c 1959.
|
| 300 |
|
|
|a 260p. :
|b ill.
|
| 504 |
|
|
|a Bibliography: p. 254-256.
|
| 650 |
|
0 |
|a Creative ability.
|
| 852 |
8 |
|
|b CARM
|h A2:AE09B0
|i B00378
|p 0018926
|f BK
|
| 082 |
0 |
4 |
|a 153.35
|
| 999 |
f |
f |
|i c07d54e4-0363-56ff-9e49-be5ab2d6829c
|s 4d24276d-9f54-5759-b505-0b931b6f4eef
|
| 952 |
f |
f |
|p Can circulate
|a CAVAL
|b CAVAL
|c CAVAL
|d CARM 1 Store
|e B00378
|f A2:AE09B0
|h Other scheme
|i book
|m 0018926
|